Construction materials and machinery in Uruguay.

Bibliographic Details
Other Authors: Ewing, W. (William), 1857-
Format: Government Document eBook
Language:English
Published: [Washington?] : U.S. Government Printing Office, 1920.
Series:Spec. Agents Series No. 189
Subjects:
Online Access:Connect to the full text of this electronic document

MARC

Tag First Indicator Second Indicator Subfields
LEADER 00000cam a22000001a 4500
001 in00003666849
005 20190408174722.0
006 m o d f
007 cr bn mmmapmmp
008 040714s1920 dcu o f000 0 eng d
035 |a ebd1910202250 
040 |a UMI  |c UMI  |d UtOrBLW 
086 0 |a C 18.11:189 
099 |a C18.11-189 
245 0 0 |a Construction materials and machinery in Uruguay. 
264 1 |a [Washington?] :  |b U.S. Government Printing Office,  |c 1920. 
300 |a 1 online resource (59 pages) 
336 |a text  |b txt  |2 rdacontent 
337 |a computer  |b c  |2 rdamedia 
338 |a online resource  |b cr  |2 rdacarrier 
490 0 |a Spec. Agents Series No. 189 
500 |a [On market conditions, building activity, materials used, and commercial practices and requirements; with data] 
500 |a Record is based on bibliographic data in ProQuest U.S. Executive Branch Documents, 1910-1932. Reuse except for individual research requires license from ProQuest, LLC. 
533 |a Electronic reproduction.  |b [Bethesda, Md.] :  |c ProQuest,  |d 2012.  |e digital, PDF file.  |n ProQuest U.S. Executive Branch Documents, 1910-1932.  |n Mode of access: World Wide Web via ProQuest website. 
538 |a System requirements: PDF reader software. 
500 |a Electronic resource. 
650 0 |a Construction industry.  |0 http://id.loc.gov/authorities/subjects/sh85031360 
655 7 |a Electronic books.  |2 local 
700 1 |a Ewing, W.  |q (William),  |d 1857-  |0 http://id.loc.gov/authorities/names/nr89012766 
776 1 8 |i Microfiche version:  |t Construction materials and machinery in Uruguay  |o CIS US Exec MF C18.11-189  |w (ProQuest)cis19122350 
856 4 0 |u http://proxy.library.tamu.edu/login?url=http://congressional.proquest.com/congressional/docview/t66.d71.c18.11-189  |z Connect to the full text of this electronic document  |t 0 
999 f f |s 82dda2df-fe82-3828-9740-6307e7be2adb  |i 2f4a08a9-9a95-3ad5-8499-062532c30d8f  |t 0 
952 f f |a Texas A&M University  |b College Station  |c Electronic Resources  |d Available Online  |t 0  |h No information provided 
998 f f |t 0  |l Available Online